000 00576nam a2200217Ia 4500
005 20250508164525.0
008 008 250505s9999 xx 000 0 hin d
037 _aTextBook
040 _aFEDL
_beng
_cFEDL
041 _ahin
_2eng
084 _a370.1, KRI/R
_qFEDL
100 _aKrishnamurti J
245 0 _aGyat se mukti
260 _aRajghat, India
_bKrishnamurti Foundation India
_c2000
300 _av,146p.
365 _aINR
_b70
546 _aMACESE
650 _aEducational philosophy
942 _cTB
_h370.1, KRI/R
999 _c1389575
_d1389575